| 000 | 00508nam a22001817a 4500 | ||
|---|---|---|---|
| 003 | OSt | ||
| 005 | 20150825145025.0 | ||
| 008 | 130703t xxu||||| |||| 00| 0 eng d | ||
| 020 | _a0440215544 | ||
| 050 |
_aPE 2839 _b.C752 1994 |
||
| 082 |
_aREF 423 _bT91 1994 |
||
| 245 |
_a21st century guide to pronunciation / _cJoyce O' Connor, pronunciation compiler. |
||
| 260 |
_aNew York : _bDell Publishing, _c1994. |
||
| 300 |
_a347 pages ; _c17 cm. |
||
| 562 | _e1 | ||
| 942 |
_2lcc _cBK _kFOR |
||
| 999 |
_c3642 _d3642 |
||